000 00447nam a22001577a 4500
005 20240725123827.0
008 240725b |||||||| |||| 00| 0 eng d
041 _aEnglish
082 _a349 SOU
100 _lEnglish
245 _aThe South African Law Reports
260 _aCape Town:
_bJuta and Company Ltd,
_c1938
300 _bix, 593 pages;
_c26 cm.
650 _aLegal practice
_bLaw
942 _cBK
_6ALISON_BN_VRIES
999 _c2268
_d2268